Voluntariado : una forma de hacer y de ser /
Guardado en:
| Autor Principal: | |
|---|---|
| Otros Autores: | |
| Formato: | Libro |
| Idioma: | Spanish |
| Publicado: |
Buenos Aires :
Ciccus,
impresión de 1998.
|
| Materias: | |
| Etiquetas: |
Agregar Etiqueta
Sin Etiquetas, Sea el primero en etiquetar este registro!
|
| LEADER | 00905nam a22002175a 4500 | ||
|---|---|---|---|
| 001 | EAD.ead004613 | ||
| 008 | 221026s1998####ag#a#####b####000#0#spa#d | ||
| 005 | 20221026134134.0 | ||
| 245 | 1 | 0 | |a Voluntariado : |b una forma de hacer y de ser / |c por Sara Shaw de Critto e Istvan Karl. |
| 260 | |a Buenos Aires : |b Ciccus, |c impresión de 1998. | ||
| 300 | |a 286 p. : |b il. ; |c 23 cm. | ||
| 500 | |a "Esta obra está dirigida principalmente a cooperadoras escolares, asociaciones civiles, comisiones vecinales, sociedades de fomento, bibliotecas, clubes y ONGs en general"--Tapa. | ||
| 504 | |a Incluye referencias bibliográficas. | ||
| 020 | |a 9879563190 | ||
| 100 | 1 | |a Shaw de Critto, Sara. | |
| 700 | 1 | |a Karl, Istvan. | |
| 082 | 0 | 4 | |a 361.37 |2 21 |
| 650 | 7 | |a Trabajo social. |2 unbist | |
| 650 | 7 | |a Asistencia social. |2 unbist | |
| 650 | 7 | |a Voluntario. |2 unescot | |
| 859 | |a AR-BaBDC |b BIB. ADMINISTRACION - Libros |h 361.37 |i Sh28 |p b07350 | ||
